000
00332pab a2200157 454500
008
180718b2014 xxu||||| |||| 00| 0 eng d
100
_a
Narayanan, Rama
245
_a
Creating the connect
260
_c
2014
300
_a
p.38-41.
362
_a
Sep
650
_a
Tribes
773
_a
Seminar
908
_a
N
909
_a
105395
999
_c
105390
_d
105390